00294nam a22001337a 4500003000400000020001800004082001400022100001800036245005500054250000800109260002200117300000900139650001200148SGT a9789354660087 a611bB24G aGarg, Krishna aB.D. Chaurasia's Human Anatomy for Dental Students a5th bC.B.S. Publishers a2024 aAnatomy